| 000 | 00620nam a2200217 i 4500 | ||
|---|---|---|---|
| 001 | C2-0260634 | ||
| 003 | PPAK | ||
| 005 | 20180727230322.0 | ||
| 008 | 041025s2003 my |||| ||||| | may d | ||
| 040 |
_aPPAK _beng _cPPAK _erda |
||
| 082 | 0 | 4 |
_a372.1909595 _223 |
| 090 | 0 | 0 |
_a372.1909595 _bKON _dR |
| 245 | 0 | 0 | _aKonvensyen pendidikan guru kebangsaan 2003 |
| 264 | 1 |
_aKuching, Sarawak : _bHotel Merdeka Palace , _c2003 |
|
| 300 |
_a256 pages ; _c30 cm |
||
| 336 |
_2rdacontent _atext |
||
| 337 |
_2rdamedia _aunmediated |
||
| 338 |
_2rdacarrier _avolume |
||
| 650 | 1 | 0 | _aEducation Malaysia - Congresses. |
| 942 |
_ddc _cB |
||
| 999 |
_c71435 _d71435 |
||